Movie Quotes A-Z #2 - Statistics

General Stats
  • This quiz has been taken 1,795 times
  • The average score is 12 of 26
Answer Stats
Quote Movie % Correct
J In the jungle you must wait, until the dice read five or eight Jumanji
80%
K Wax on, wax off The Karate Kid
80%
I Dreams feel real while we're in them. It's only when we wake up that we realize something was actually strange. Inception
71%
W There's no place like home The Wizard of Oz
71%
C Here's looking at you, kid Casablanca
69%
G Frankly, my dear, I don't give a damn Gone With the Wind
69%
H May the odds be ever in your favor The Hunger Games
67%
E The power of Christ compels you! The Exorcist
65%
S I find your lack of faith disturbing Star Wars
56%
N I wrote you 365 letters. I wrote you every day for a year. The Notebook
49%
Y It's pronounced Fronkensteen Young Frankenstein
49%
F Life moves pretty fast. If you don't stop and look around once in a while, you could miss it Ferris Bueller's Day Off
47%
U You wanna know how to get Capone? They pull a knife, you pull a gun. The Untouchables
47%
A That escalated quickly Anchorman
45%
B Nobody calls me chicken! Back to the Future
43%
O I coulda been a contender On the Waterfront
42%
P You work on commission, right? Big mistake. Big. Huge. Pretty Woman
39%
Z Rule number one for surviving __________: Cardio Zombieland
36%
D Alright, alright, alright Dazed and Confused
34%
M Did l not clearly explain the Circle of Trust to you, Greg? Meet the Parents
33%
L Buongiorno, principessa Life is Beautiful
29%
R Do you understand the words that are coming out of my mouth? Rush Hour
29%
Q That's the way we do things in this country – quietly, with dignity The Queen
23%
T You are a sad, strange little man, and you have my pity Toy Story
21%
X You've just entered the Xander zone xXx
16%
V I don't want your life Varsity Blues
9%
No matching quizzes found
Score Distribution
Percent of People with Each Score
Percentile by Number Answered
Your Score History
You have not taken this quiz